000 00724nam a2200241Ii 4500
003 JO-AjNU
005 20240114095126.0
008 230605s9999||||xx |||||||||||||| ||und||
017 _a1999/6/923
040 _aJO-AjNU
_bara
_erda
_cJO-AjNU
041 _aara
050 1 4 _aJZ1308 1999
100 3 _aسلامه، احمد ,
_eauthor
_957723
245 0 0 _aالعولمة والعوربة من الصراع الى الامل
250 _aط1
264 3 1 _aعمان: الجمعية العلمية الملكيه،1999
300 _a181ص
336 _atext
_btxt
_2rdacontent
337 _aunmediated
_bn
_2rdamedia
338 _avolume
_bnc
_2rdacarrier
650 4 _aالعولمة-العرب
_957724
942 _2lcc
_cBK
999 _c29452
_d29452